[Event "HON-ch qual1"]
[Site "San Pedro Sula"]
[Date "2019.11.18"]
[Round "2"]
[White "Caballero Sanabria, Margie"]
[Black "Grandes, Rolando"]
[Result "0-1"]
[WhiteElo "1370"]
[BlackElo "1697"]
[PlyCount "107"]
[EventDate "2019.11.18"]
[EventType "swiss"]
[EventRounds "7"]
[EventCountry "HON"]
[SourceTitle "EXT 2021"]
[Source "ChessBase"]
[SourceDate "2020.10.23"]
[SourceVersion "1"]
[SourceVersionDate "2020.10.23"]
[SourceQuality "1"]

1. e4 e5 2. Nf3 Nc6 3. d4 exd4 4. Bc4 Be7 5. Nxd4 d6 6. 0-0 Nf6 7. Nc3 0-0 8. Nxc6 bxc6 9. Bf4 Bg4 10. Qd2 Rb8 11. Bb3 Re8 12. Qd3 Bf8 13. Rfe1 c5 14. h3 Bh5 15. Bg5 h6 16. Bh4 Bg6 17. Rad1 Be7 18. Qg3 Nd7 19. Bxe7 Rxe7 20. Qxg6 Rxb3 21. Qf5 Rxb2 22. Qd5 Re5 23. Qd3 Qh4 24. Rb1 Rxb1 25. Rxb1 Nf6 26. a4 Nxe4 27. Nxe4 Qxe4 28. Rb7 Qxd3 29. cxd3 Re1+ 30. Kh2 Rd1 31. Rxa7 Rxd3 32. Rxc7 Ra3 33. Rc6 Rxa4 34. Rxd6 Rc4 35. Rd2 Rc3 36. g3 Kf8 37. Kg2 Ke7 38. Kf1 Ke6 39. Ke2 c4 40. Rd1 Rc2+ 41. Ke3 Rb2 42. Kd4 Rxf2 43. Kxc4 Rg2 44. Re1+ Kf6 45. Re3 Kg5 46. Kd5 Rh2 47. g4 Rf2 48. Kd4 Kh4 49. Ke4 Rh2 50. Kf4 Rxh3 51. Re7 Rg3 52. Rxf7 Rxg4+ 53. Ke3 g5 54. Kf2 0-1